Statystyki dla Powiaty na literę G

Kliknij tutaj aby rozwiązać quiz!

Ogólne statystyki

  • Ten quiz został rozwiązany 195 razy
  • Średni wynik to 23 z 27

Statystyki odpowiedzi

WojewództwoPowiat% Poprawnych
pomorskieGdynia
97%
pomorskieGdańsk
96%
lubuskiegorzowski
94%
pomorskiegdański
93%
kujawsko-pomorskieGrudziądz
93%
lubuskieGorzów Wielkopolski
90%
kujawsko-pomorskiegrudziądzki
90%
śląskieGliwice
89%
dolnośląskiegłogowski
89%
śląskiegliwicki
87%
warmińsko-mazurskiegiżycki
86%
zachodnio-pomorskiegryficki
85%
wielkopolskiegrodziski
84%
mazowieckiegrodziski
84%
mazowieckiegarwoliński
83%
wielkopolskiegostyński
82%
zachodnio-pomorskiegryfiński
82%
warmińsko-mazurskiegołdapski
80%
zachodniopomorskiegoleniowski
80%
podlaskiegrajewski
80%
mazowieckiegrójecki
80%
mazowieckiegostyniński
78%
opolskiegłubczycki
76%
wielkopolskiegnieźnieński
76%
małopolskiegorlicki
76%
kujawsko-pomorskiegolubsko-dobrzyński
67%
dolnośląskiegórowski
66%

Rozkład punktacji

Percentyl według liczby udzielonych odpowiedzi

Procent ludzi z każdym wynikiem

Twoja historia wyników

Nie rozwiązałeś tego quizu